słowka angieski - Statystyki

Ogólne statystyki
  • Ten quiz został rozwiązany 12 razy
  • Średni wynik to 19 z 130
Statystyki odpowiedzi
Hint Odpowiedź % Poprawnych
dodac add
64%
gruby fat
64%
wywiad interview
55%
otwarty open
55%
profesjonalny professional
55%
dumny proud
55%
szczuply slim
55%
ufac trust
55%
łysy bald
45%
broda beard
45%
krecone wlosy curly
45%
muskularny muscular
45%
prototyp prototype
45%
artykul article
36%
marka brand
36%
skomentowac comment
36%
wasy moustache
36%
golic shave
36%
chudy skinny
36%
przyznac admit
27%
reklamowac advertise
27%
niebieskooki blue-eyed
27%
policzek cheek
27%
potwierdzic confirm
27%
emocjonalny emotional
27%
brwi eyebrows
27%
piegi freckles
27%
rude wlosy ginger hair
27%
z nadwaga overweight
27%
okragly round
27%
powiedziec say
27%
samolubny selfish
27%
oferta specjalna special offer
27%
prasa the press
27%
dziwny weird
27%
odpowiedziec answer
18%
aparat ortodontyczny braces
18%
wiadomosci z ostatniej chwili breaking news
18%
media audiowizualne broadcast media
18%
wytlumaczyc explain
18%
rzesy eyelashes
18%
obserwujacy follower
18%
czolo forehead
18%
wiekszosc majority
18%
blady pale
18%
nakladac/nosic makijaz put on/wear make-up
18%
wydac, wypuscic release
18%
zrodlo informacji source of information
18%
kwadratowy square
18%
prosty straight
18%
cienkie usta thin lips
18%
szeroki usmiech wide smile
18%
dokladny accurate
9%
zgodzic sie agree
9%
przyciagac attract
9%
niezreczny, dziwny awkward
9%
broda chin
9%
twierdzic claim
9%
dziennik daily newspaper
9%
wybrac numer dial a number
9%
media elektroniczne digital media
9%
zarost facial hair
9%
jasna cera fair skin
9%
czasopismo magazine
9%
dojrzaly mature
9%
strona z wiadomosciami news website
9%
rówieśnicy peers
9%
uprzejmy polite
9%
promowac produkt promote a product
9%
niegrzeczny rude
9%
usługa service
9%
wysportowany sporty
9%
brukowiec, tabloid tabloid
9%
opalony tanned
9%
prozny vain
9%
informacja wizualna visual info
9%
agencja reklamowa advertising agency
0%
kampania reklamowa advertising campaign
0%
technika reklamowa advertising technique
0%
reklama advetisement
0%
podobac sie komus appeal to sb
0%
nakladac krem do twarzy apply face cream
0%
bystry bright
0%
czesac wlosy brush your hair
0%
budowa ciala build (n)
0%
zdezorientowany cofused
0%
przerwa na reklamy commercial break
0%
skrazyc complain
0%
konsument cosumer
0%
obxcinac paznokcie u rak/nog cut your fingernails/toenails
0%
rozczarowujacy disappointing
0%
statystyki rozwodow divorce rates
0%
farbowaac wlosy dyed hair
0%
wyjatkowy exceptional
0%
śledzic bierzace wydarzenia follow current events
0%
strona tytuowa front page
0%
ustalac i weryfikowac fakty get the facts straight
0%
czerpac wiadomosci od get the news from
0%
nagłowek headline
0%
mocny makijaz heavy make-up
0%
prowadzic host
0%
poinformowac inform sb
0%
miec znaczenie matter
0%
skromny modest
0%
serwis informacyjny news organisation
0%
sredniego wzrostu of medium height
0%
regularnie on a regular basis
0%
influencer online influencer
0%
zwyczajny ordinary
0%
wyglad zewnetrzny physical appearance
0%
pulchny plumb
0%
prasa drukowana print media
0%
kampania promocyjna promotional campaign
0%
aktualizowac informacje provide updates
0%
nachalny pushy
0%
rzadkosc rarity
0%
przypomniec komus remind sb
0%
przypominac resemble
0%
poczucie przynależności sense of belonging
0%
sterczacy spiky
0%
wydawac sie komus strike sh as
0%
odpowiedni suitable
0%
odrozniac fakty od fikcji tell fact from fiction
0%
powiedziec tell sb
0%
(nie) godny zaufania (un)reliable
0%
sztywny, spety uptight
0%
dezodorat use deodorant
0%
miejsce imprezy venue
0%
agresywny violent
0%
nosic bizuterie wear jewellery
0%
Nie znaleziono quizów pasujących do podanych kryteriów
Rozkład punktacji
Procent ludzi z każdym wynikiem
Percentyl według liczby udzielonych odpowiedzi
Twoja historia wyników
Nie rozwiązałeś tego quizu